państwa europy bez mapy - Statystyki

Ogólne statystyki
  • Ten quiz został rozwiązany 226 razy
  • Średni wynik to 39 z 45
Statystyki odpowiedzi
Odpowiedź % Poprawnych
Polska
98%
Niemcy
93%
Rosja
93%
Czechy
92%
Hiszpania
92%
Litwa
91%
Słowacja
91%
Ukraina
91%
Francja
90%
Portugalia
90%
Wielka brytania
90%
Estonia
89%
Łotwa
89%
Norwegia
89%
Finlandia
88%
Irlandia
88%
Słowenia
88%
Szwecja
88%
Serbia
87%
Watykan
87%
Islandia
86%
Albania
85%
Białoruś
85%
Grecja
85%
Holandia
85%
Bułgaria
84%
San marino
84%
Włochy
84%
Belgia
83%
Chorwacja
83%
Kosowo
83%
Rumunia
83%
Andora
82%
Austria
82%
Luksemburg
82%
Mołdawia
82%
Węgry
82%
Dania
81%
Liechtenstein
81%
Szwajcaria
81%
Czarnogóra
80%
Monako
80%
Bośnia i hercegowina
78%
Macedonia północna
77%
Malta
75%
Nie znaleziono quizów pasujących do podanych kryteriów
Rozkład punktacji
Procent ludzi z każdym wynikiem
Percentyl według liczby udzielonych odpowiedzi
Twoja historia wyników
Nie rozwiązałeś tego quizu